000 01088cam a22001814a 4500
005 20250605164352.0
008 250528s ||||||||||||||||||||||||d
035 _a24143
040 _aGR-AtMCL
_bgre
_dGR-AtMCL
_eAACR2
245 1 _aInternational Journal of Methods in Psychiatric Research
260 _bWiley,
_c1992
300 _a54
520 _aThe Future of Psychiatric Epidemiology, Comparison of Paper and Laptop Computer Versions of Geriatric Mental State (GMS-AGECAT), A Comparison of DSMIIIR Major Depression and ICD 10-DCR Depressive Episode Diagnostic Criteria Using PSE9 Clinical Data, Social Dysfunction and Aggression Scale (SDAS-21) in Generalized Aggression and in Aggressive Attacks: A Validity and Reliability Study, Memory Bias in Depression: Implications for Risk Factor Studies Relying on Self-reports of Exposure, Measuring the Accuracy of Diagnostic Tests Using Receiver Operating Characteristics (ROC) Analysis, Book Reviews, Current Awareness.
700 1 _aAngst J.
_99412
942 _cCR
999 _c9041
_d9041